Normal view
MARC view
- الاقتصاد الجزئي
Entry Topical Term
001 - CONTROL NUMBER
- control field: 31899
003 - CONTROL NUMBER IDENTIFIER
- control field: JO-AjAnu
005 - DATE AND TIME OF LATEST TRANSACTION
- control field: 20230606075351.0
008 - FIXED-LENGTH DATA ELEMENTS
- fixed length control field: 230606|| aca||aabn | a|a d
040 ## - CATALOGING SOURCE
- Original cataloging agency: JO-AjAnu
- Transcribing agency: JO-AjAnu
150 ## - HEADING--TOPICAL TERM
- Topical term or geographic name entry element: الاقتصاد الجزئي
670 ## - SOURCE DATA FOUND
- Source citation: Work cat.: (JO-AjAnu)16379: الريماوي،احمد شكري/محمود علي سالم, author 31898, مبادىء في النظرية الاقتصادية الجزئية